El Periodismo de TV y la guerra en Colombia /
Sparad:
| Huvudupphovsman: | |
|---|---|
| Materialtyp: | Text |
| Ämnen: | |
| Taggar: |
Lägg till en tagg
Inga taggar, Lägg till första taggen!
|
MARC
| LEADER | 00000 a a2200000 04500 | ||
|---|---|---|---|
| 001 | 3849 | ||
| 003 | |||
| 040 | |||
| 100 | |a Castro Caycedo, Gustavo | ||
| 245 | |a El Periodismo de TV y la guerra en Colombia / |c Gustavo Castro Caycedo | ||
| 650 | |a MEDIOS DE COMUNICACION | ||
| 650 | |a PERIODISMO | ||
| 650 | |a GUERRA CIVIL | ||
| 650 | |a VIOLENCIA | ||
| 650 | |a ETICA | ||
| 650 | |a RECESION ECONOMICA | ||
| 773 | |g volumen 19, 2(74); páginas 69-82 | ||
| 999 | |c 31046 |d 31046 | ||
